Komparatívna analýza daňového mechanizmu vo vybraných štátoch bakalárska práca

Uložené v:
Podrobná bibliografia
Hlavný autor: Benkova, Aleksandra
Korporativný autor: Národohospodárska fakulta EU. Katedra financií
Ďalší autori: Neubauerová, Erika, 1968-
Médium: Kniha
Jazyk:Slovak
Vydavateľské údaje: Bratislava 2017
Tagy: Pridať tag
Žiadne tagy, Buďte prvý, kto otaguje tento záznam!

MARC

LEADER 00000nbm a2200000 4500
001 0233886
005 20171107094209.2
041 0 |a slo 
044 |a SK 
245 1 0 |a Komparatívna analýza daňového mechanizmu vo vybraných štátoch  |b bakalárska práca  |c Aleksandra Benkova ; školiteľ: Erika Neubauerová 
264 1 |a Bratislava  |c 2017 
300 |a 47 s. 
100 1 |a Benkova, Aleksandra 
700 1 |a Neubauerová, Erika, 1968- 
710 2 |a Národohospodárska fakulta EU. Katedra financií